00525nam a2200157Ia 4500008004100000100001600041245007500057245001600132260005900148260000900207650001800216650001500234856002600249999001900275952007300294170221s9999 xx 000 0 und d aEszter Deli 4aThe Hungarian Argumentation Culture in the Light of Modern Societies  cEszter Deli bOnline Journal of Communication and Media Technologies c2016 xCommunication xMedia Arts uhttp://www.ojcmt.net/ c309096d309096 001040aCLbCLd2017-02-21l0r2017-02-21 00:00:00w2017-02-21yFOJ